000 00990caa a22002417a 4500
999 _c407662
_d407662
001 121550
003 UA-OsUOA
005 20191217183504.0
007 ta
008 20170322b un ||||| |||| 00| 0 ukr d
040 _aUA-OsUOA
_brus
_cUA-OsUOA
_dUA-OsUOA
041 _arus
080 _a908
090 _a908
_bШ83
100 _aШпізель Р. С.
245 _aНаучные труды медиков древнего Острога и их значение для отечественной и мировой науки
_cР. С. Шпізель
300 _aС. 104–108
650 7 _a908 Краєзнавство
_2UDC
773 0 _0331092
_9355489
_dОстрог 1992
_o104078
_tМатеріали І - ІІІ науково-краєзнавчих конференцій "Остріг на порозі 900-річчя" (1990 - 1992 рр.)
_w(UA-OsUOA) 44979
942 _cBKA
_2udc
955 _a1